000 00484nam a2200193Ia 4500
008 170918s9999 xx 000 0 und d
020 _a9781535200769
050 _bN523 1963
100 _aNeville, Emily Cheney
245 _aIt's like this cat /
245 _cby Emily Cheney Neville ; pictures by Emily Neville.
260 _aNew York :
260 _bHarper,
260 _c1963
300 _a180 pages :
300 _billustrations ;
300 _c19cm.
500 _a810
999 _c344276
_d344276